|
|
|
|
| LEADER |
00000cam a2200000 7i4500 |
| 001 |
0000051619 |
| 005 |
20150921.0 |
| 008 |
150901 |
| 020 |
|
|
|a 9837204222
|
| 090 |
0 |
0 |
|a 153.4
|b MAR
|
| 100 |
0 |
|
|a Hansen,Mark Victor
|
| 245 |
1 |
0 |
|a Berani menang :
|b Anda patut mendapat yang terbaik dalam hidup ini ketepikan semua halangan dan cubalah mencapainya
|c Mark Victor Hansen
|
| 260 |
|
|
|a Selangor :
|b Golden Books Centre ,
|c 2003
|
| 300 |
|
|
|a 247pg.
|
| 650 |
|
0 |
|a Achievement motivation
|
| 999 |
|
|
|a 0000921956
|b Book
|c Adult Collection
|e Cawangan Bukit Gambir
|
| 999 |
|
|
|a 0000933234
|b Book
|c Adult Collection
|e Cawangan Tangkak
|
| 999 |
|
|
|a 0000933235
|b Book
|c Adult Collection
|e Cawangan Tangkak
|